Statistics for Culture by Letter - B

Click here to take the quiz!

General Stats

  • This quiz has been taken 34 times
  • The average score is 8 of 15

Answer Stats

Answer% Correct
Beijing
97%
Big Ben
97%
Bermuda Triangle
84%
Backgammon
78%
Bering
78%
Brunei
72%
Belize
63%
Bluebell
63%
Bhutto
59%
Baptism
53%
Beirut
31%
Belgrade
19%
Bellini
19%
Busan
19%
Balhae
6%

Score Distribution

Percentile by Number Answered

Percent of People with Each Score

Your Score History

You have not taken this quiz